Minidicionário Soares Amora da Língua Portuguesa (Record no. 9383)

MARC details
000 -LÍDER
campo de controle de tamanho fixo 00789 a2200265 4500
001 - NÚMERO DE CONTROLE
campo de controle 9383
003 - IDENTIFICADOR DO NÚMERO DE CONTROLE
campo de controle Complexo Educacional Contemporaneo
005 - DATA E HORÁRIO DA ÚLTIMA TRANSAÇÃO
campo de controle 20230919130231.0
008 - CAMPO DE DADOS FIXOS--INFORMAÇÃO GERAL
campo de controle de tamanho fixo 210317s2008 por d
020 ## - ISBN - INTERNATIONAL STANDARD BOOK NUMBER
ISBN - International Standard Book Number 9788502073968
040 ## - FONTE DA CATALOGAÇÃO
Instituição da catalogação original Complexo Educacional Contemporaneo
Idioma da catalogação por
080 ## - CDU - CLASSIFICAÇÃO DECIMAL UNIVERSAL
Número da Classificação Decimal Universal (CDU) REF 030(038)
082 ## - CDD - CLASSIFICAÇÃO DECIMAL DE DEWEY
Número de Classificação REF 030(038)
090 ## - NÚMERO DE CHAMADA LOCAL
Número de chamada (OCLC) (R); Número de chamada, CALL (RLIN) (NR) REF 030(038) A526m
Número Cutter local (OCLC); Número de classificação do livro, CALL (RLIN) AP
-- 18.ed
100 ## - ENTRADA PRINCIPAL--NOME PESSOAL
Nome pessoal Amora, Antônio Soares
240 10 - TÍTULO UNIFORME
Título uniforme Minidicionário Soares Amora da Língua Portuguesa
Idioma da obra Português
250 ## - EDIÇÃO
Edição 18.ed
260 ## - PUBLICAÇÃO, DISTRIBUIÇÃO, ETC.
Local de publicação, distribuição, etc. São Paulo
Nome do editor, distribuidor, etc. Saraiva
Data da publicação, distribuição, etc. 2008
245 10 - TÍTULO
Título Minidicionário Soares Amora da Língua Portuguesa
300 ## - DESCRIÇÃO FÍSICA
Extensão 818p.
362 0# - DATAS DE PUBLICAÇÃO E/OU DESIGNAÇÃO SEQUENCIAL
Datas de publicação e/ou designação sequencial (2008)
650 #4 - ASSUNTO--TERMO TÓPICO
Cabeçalho tópico ou nome geográfico Dicionário
650 #4 - ASSUNTO--TERMO TÓPICO
Cabeçalho tópico ou nome geográfico Lingua Portuguêsa
Holdings
Situação do descarte Situação das perdas Fonte da classificação ou esquema de arquivamento na estante Situação física Não pode ser emprestado Biblioteca de origem Biblioteca atual Data de aquisição Total de empréstimos Código de barras Data de último acesso Número do exemplar Data do preço efetivo Tipo de material Koha Custo, preço normal de compra
          Contemporâneo - Cidade Verde Contemporâneo - Cidade Verde 17/03/2021   04880 19/09/2023 1 19/09/2023 Livros  
          Contemporâneo - Cidade Verde Contemporâneo - Cidade Verde 17/03/2021   04881 19/09/2023 2 19/09/2023 Livros 0.00